| 000 | 01390 a2200373 4500 | ||
|---|---|---|---|
| 999 |
_c200128589 _d32271 |
||
| 001 | 200128589 | ||
| 003 | TR-AnTOB | ||
| 005 | 20231129161159.0 | ||
| 008 | 130403s2004 tu 000 0 | ||
| 020 | _z9752545459 | ||
| 040 |
_aTR-AnTOB _cTR-AnTOB _beng _erda |
||
| 041 | _atur | ||
| 050 | 0 | 0 |
_aHC427.92 _b.D86 2004 |
| 090 | _aHC427.92 .D86 2004 | ||
| 245 | 0 | 0 |
_aDünya ekonomisinin yeni sorunu : _bÇin tehdidi / _cTürkiye İşveren Sendikaları Konfederasyonu. |
| 246 | 3 | 0 | _aÇin tehdidi. |
| 264 | 1 |
_aAnkara: _bTürkiye İşveren Sendikaları Konfederasyonu, _c2004. |
|
| 300 |
_a53 p. : _bill.; _c13 cm |
||
| 336 |
_2rdacontent _atext _btxt |
||
| 337 |
_2rdamedia _aunmediated _bn |
||
| 338 |
_2rdacarrier _avolume _bnc |
||
| 490 | 0 |
_aTürkiye İşveren Sendikaları Konfederasyonu ; _v243 |
|
| 651 | 0 |
_aTürkiye _xDış ekonomik ilişkiler _zÇin _986762 |
|
| 651 | 0 |
_aTurkey _xForeign economic relations _zChina _986763 |
|
| 651 | 0 |
_aÇin _xDış ekonomik ilişkiler _zTürkiye _986764 |
|
| 651 | 0 |
_aChina _xEconomic conditions _y1976-2000 _934913 |
|
| 651 | 7 |
_aÇin _xEkonomik durum _y1976-2000 _2etuturkob _991441 |
|
| 651 | 0 |
_aChina _xEconomic policy _y2000- _930118 |
|
| 651 | 0 |
_aChina _xForeign economic relations _zTurkey _970851 |
|
| 651 | 7 |
_aÇin _xEkonomi politikası _y2000- _2etuturkob _930119 |
|
| 942 |
_cBK _2z |
||